Animaux en H - Statistiques

Statistiques générales
  • Ce quiz a été pris 95 fois
  • Le résultat moyen est 8 sur 78
Statistiques - réponses
hint answers % Correct
40 Hibou
77%
44 Hippopotame
71%
35 Herisson
67%
73 Hyene
52%
43 Hippocampe
48%
38 Heron
45%
48 Hirondelle
44%
11 Hamster
41%
12 Hanneton
40%
17 Hareng
30%
37 Hermine
25%
65 Hulotte
25%
55 Homard
23%
24 Hase
22%
63 Huitre
22%
19 Harfang
18%
22 Harpie
18%
57 Hongre
18%
67 Huppe
16%
36 Herissonne
11%
70 Hydre
10%
69 Husky
8%
9 Hamadryas
7%
45 Hippotrague
7%
56 Homme
7%
66 Humain
7%
64 Huitrier
5%
1 Habu
4%
20 Harle
4%
30 Hemione
4%
51 Hochequeue
4%
10 Hamecon
3%
21 Harpe
3%
34 Here
3%
60 Hotu
3%
2 Hachette
1%
3 Hadrosaure
1%
13 Hanovrien
1%
16 Harelde
1%
41 Himalayens
1%
46 Hirola
1%
47 Hirondeau
1%
49 Hoazin
1%
50 Hocco
1%
52 Hoki
1%
53 Hokki
1%
68 Hurleur
1%
74 Hylochere
1%
4 Haje
0%
5 Halbran
0%
6 Halicite
0%
7 Halicte
0%
8 Hamadryade
0%
14 Hapalemur
0%
15 Haplospize
0%
18 Harengule
0%
23 Harrier
0%
25 Hatteria
0%
26 Haut-de-chausse
0%
27 Heliopora
0%
28 Hemerobe
0%
29 Hemignathe
0%
31 Hemiprocne
0%
32 Hepatique
0%
33 Hepiale
0%
39 Heterocere
0%
42 Hippobosque
0%
54 Holothurie
0%
58 Hoplostete
0%
59 Hoplostethe
0%
61 Houdan
0%
62 Hovawart
0%
71 Hydrophile
0%
72 Hydropote
0%
75 Hypolais
0%
76 Hyponomeute
0%
77 Hyptiote
0%
78 Hyracotherium
0%
Aucun quiz correspondant
Distribution des résultats
% des personnes avec chaque résultat
Percentile par nombre de réponses
Votre historique - résultats
Vous n’avez pas pris ce quiz